Marthanda Varma (Record no. 153668)

MARC details
000 -LEADER
fixed length control field 00620nam a22002057a 4500
003 - CONTROL NUMBER IDENTIFIER
control field dpl
005 - DATE AND TIME OF LATEST TRANSACTION
control field 20180709154249.0
008 - FIXED-LENGTH DATA ELEMENTS--GENERAL INFORMATION
fixed length control field 180709b xxu||||| |||| 00| 0 eng d
020 ## - INTERNATIONAL STANDARD BOOK NUMBER
International Standard Book Number 81260046811
Terms of availability 150.00
035 ## - SYSTEM CONTROL NUMBER
System control number A-943674
040 ## - CATALOGING SOURCE
Original cataloging agency DPL
Language of cataloging EN
Transcribing agency 0
082 ## - DEWEY DECIMAL CLASSIFICATION NUMBER
Classification number 843
Item number N-PIL
100 ## - MAIN ENTRY--PERSONAL NAME
Personal name Pillai, C.V. Raman
245 ## - TITLE STATEMENT
Title Marthanda Varma
Statement of responsibility, etc /by C.V. Raman Varma;translated by B.K. Menon
260 ## - PUBLICATION, DISTRIBUTION, ETC. (IMPRINT)
Place of publication, distribution, etc New Delhi
Name of publisher, distributor, etc Sahitya Akademi
Date of publication, distribution, etc 1998
270 ## - ADDRESS
Address Rabindra Bhawan, 35 Ferozeshah Road,
City New Delhi
State or province 110001
300 ## - PHYSICAL DESCRIPTION
Extent 382p.
Dimensions 22cm
600 ## - SUBJECT ADDED ENTRY--PERSONAL NAME
Personal name B.K.Menon,Tr.
942 ## - ADDED ENTRY ELEMENTS (KOHA)
Source of classification or shelving scheme Dewey Decimal Classification
Koha item type English Books
Classification part 843
Call number suffix N-PIL
Holdings
Withdrawn status Lost status Source of classification or shelving scheme Damaged status Not for loan Collection code Home library Current library Date acquired Source of acquisition Cost, normal purchase price Total Checkouts Full call number Barcode Date last seen Cost, replacement price Price effective from Koha item type
    Dewey Decimal Classification     Fiction Patel Nagar Patel Nagar 09/07/2018 BPPD/Pub 150.00   843 N-PIL A-943674 09/07/2018 150.00 09/07/2018 English Books
    Dewey Decimal Classification     Non-fiction Sarojini Nagar Sarojini Nagar 20/12/2018       843 N-PIL A-943675 20/12/2018   20/12/2018 English Books

© Delhi Public Library
Hit Counter
free hit counter